Limity vědeckého poznání /

Hlavní autor: Škabraha, Martin, 1979-
Jazyk: Čeština
Vydáno: Ostrava : Filozofická fakulta Ostravské univerzity v Ostravě, 2013
Vydání: Vyd. 1.
Edice: Spis Ostravské univerzity v Ostravě ; č. 288/2013
Témata:
Fyzický popis: 256 s. : il. ; 22 cm
Language note: Anglické resumé
Knihy
Uloženo v:
LEADER 02106nam a2200529 a 4500
001 nkc20142540637
003 CZ PrNK
005 20140723101121.0
007 ta
008 140117s2013 xr a f 001 0 cze
015 |a cnb002540637 
020 |a 978-80-7464-458-0  |q (váz.) 
035 |a (OCoLC)886601448 
040 |a ABA001  |b cze  |d OLA001 
041 0 |a cze  |b eng 
072 7 |a 00  |x Věda. Všeobecnosti. Základy vědy a kultury. Vědecká práce  |2 Konspekt  |9 12 
080 |a 165.191  |2 MRF 
080 |a 001.83  |2 MRF 
080 |a 1:001  |2 MRF 
080 |a 001:316.3  |2 MRF 
080 |a (048.8:082)  |2 MRF 
100 1 |a Škabraha, Martin,  |d 1979-  |7 js20060120117  |4 aut 
245 1 0 |a Limity vědeckého poznání /  |c Martin Škabraha a kolektiv 
250 |a Vyd. 1. 
260 |a Ostrava :  |b Filozofická fakulta Ostravské univerzity v Ostravě,  |c 2013 
300 |a 256 s. :  |b il. ;  |c 22 cm 
490 1 |a Spis Ostravské univerzity v Ostravě ;  |v č. 288/2013 
500 |a 100 výt. 
504 |a Obsahuje bibliografie, bibliografické odkazy a rejstříky 
546 |a Anglické resumé 
650 0 7 |a vědecké poznání  |7 ph127373  |x interdisciplinární aspekty  |2 czenas 
650 0 7 |a filozofie a věda  |7 ph114542  |x dějiny  |2 czenas 
650 0 7 |a věda a společnost  |7 ph196656  |2 czenas 
650 0 9 |a scientific knowledge  |x interdisciplinary aspects  |2 eczenas 
650 0 9 |a philosophy and science  |x history  |2 eczenas 
650 0 9 |a science and society  |2 eczenas 
655 7 |a kolektivní monografie  |7 fd501537  |2 czenas 
655 9 |a collective monographs  |2 eczenas 
810 2 |a Ostravská univerzita.  |t Spisy  |0 s 
910 2 |a BOA001  |b 2-1325.354 
928 9 |a Ostravská univerzita, Filozofická fakulta 
990 |a BK 
995 |a 01 
991 |b 201404  |c NOV  |e n 
996 6 |b 2610587984  |c 2-1325.354  |l MZK  |r Sklad / do 1 hodiny  |n 1  |p p.v.  |w 001415171  |u 000010  |a 1  |e BOA001  |j MZK50  |s P 
996 6 |b 2610592239  |c 2-1325.354  |l MZK  |r HSS 4p  |n 0  |p kup  |h 00 ŠKA  |w 001415171  |u 000020  |a 0  |e BOA001  |j MZK50  |s P 
996 7 |b 2610592240  |c 2-1325.354  |l MZK  |r Sklad / do 1 hodiny  |n 10  |p kup  |w 001415171  |u 000030  |a 1  |e BOA001  |j MZK50  |s A